000
00306nam a22001337a 4500
008
181107b xxu||||| |||| 00| 0 eng d
020
_a
9780877791850
041
_a
eng
080
_a
038
100
_a
23
101
_a
FJA
245
_a
Webster's Compact Rhyming Dictionary
_c
Webster, M
942
_2
udc
_c
BK
999
_c
52243
_d
52243